Statistiques concernant Devinez l'État Américain Mystère #17

Cliquez ici pour prendre le quiz!

Statistiques générales

  • Ce quiz a été pris 169 fois
  • Le résultat moyen est 29 sur 32

Statistiques - réponses

Type de RéponseRéponse% Correct
Lettre TrouvéeA
100%
Lettre TrouvéeE
100%
Lettre de l'AlphabetS
99%
Lettre de l'AlphabetO
98%
Lettre TrouvéeI
97%
Lettre TrouvéeN
97%
Lettre de l'AlphabetT
97%
Lettre de l'AlphabetD
95%
Lettre de l'AlphabetL
95%
Lettre de l'AlphabetR
95%
Lettre de l'AlphabetH
93%
Lettre de l'AlphabetK
93%
Lettre de l'AlphabetW
92%
Lettre de l'AlphabetX
92%
Lettre de l'AlphabetC
91%
Lettre de l'AlphabetU
90%
Lettre de l'AlphabetV
90%
Lettre de l'AlphabetG
89%
Lettre TrouvéeM
89%
Lettre de l'AlphabetF
88%
Lettre de l'AlphabetY
88%
Lettre de l'AlphabetB
84%
Lettre de l'AlphabetJ
83%
Lettre de l'AlphabetP
83%
Lettre Bien PlacéeA
80%
Lettre Bien PlacéeE
80%
Lettre Bien PlacéeI
80%
Lettre Bien PlacéeM
80%
État MystèreMaine
80%
Lettre Bien PlacéeN
80%
Lettre de l'AlphabetQ
80%
Lettre de l'AlphabetZ
80%

Distribution des résultats

Percentile par nombre de réponses

% des personnes avec chaque résultat

Votre développement - résultats

Vous n’avez pas pris ce quiz